|
|
|
|
| LEADER |
00000nam a2200000 i 4500 |
| 005 |
20111109151447.0 |
| 007 |
cr|||| |||| |
| 008 |
090319s2009 sp 000 0 spa d |
| 020 |
|
|
|a 9788496721722
|
| 035 |
|
|
|a 5870
|
| 040 |
|
|
|a BUS
|
| 080 |
|
|
|a 331.106.24(460)
|
| 090 |
|
|
|c 2753
|d 2753
|
| 100 |
1 |
|
|a Mendoza Navas, Natividad.
|
| 245 |
1 |
3 |
|a La salud laboral y el medio ambiente en la negociacin̤ colectiva
|h [Recurso electrn̤ico] :
|b el tratamiento de la salud laboral y del medio ambiente en los convenios colectivos estatales de Construccin̤, cemento, derivados del cemento... /
|c Natividad Mendoza Navas, Ana Moreno Mr̀quez.
|
| 256 |
|
|
|a Servicio en ln̕ea
|
| 260 |
|
|
|a Albacete :
|b Bomarzo,
|c 2009.
|
| 300 |
|
|
|a 1 recurso electrn̤ico
|
| 490 |
1 |
|
|a Estudios
|
| 506 |
1 |
|
|a Contenido solo disponible en los productos indicados
|d vLex Global
|d vLex Global (Academic Edition, excluding Law Schools)
|d vLex Global (U.S. Academic Edition, Law Schools)
|d vLex Global (U.S. Academic Edition, excluding Law Schools)
|d vLex Global (Academic Edition, Law Schools)
|
| 650 |
0 |
4 |
|a Negociacin̤ colectiva
|z Espaą
|
| 740 |
0 |
|
|a vLex Libros (Servicio en ln̕ea)
|
| 830 |
|
0 |
|a Estudios (Bomarzo)
|
| 856 |
4 |
0 |
|u http://vlex.com/source/salud-laboral-medio-ambiente-negociacion-colectiva-5870
|z Acceso restringido
|
| 942 |
|
|
|c BOOK
|